000 00242nam a2200109Ia 4500
008 200302s9999 xx 000 0 und d
100 _aStanford Anderson
245 _aOn Streets
260 _bThe Mit Press
260 _c1978
300 _a416 P.,
999 _c5229
_d5229